| 000 | 00738cam a2200253u 4500 | ||
|---|---|---|---|
| 001 | 32136 | ||
| 005 | 20230410132839.0 | ||
| 008 | 810604s1986 sp ch 000 0 spa | ||
| 035 | _9(DLC) 33008377 | ||
| 035 | _a8288361 | ||
| 010 | _a 33008377 | ||
| 020 | _a8426112277 | ||
| 040 |
_aDLC _cCarP _dDLC |
||
| 050 | 1 | 4 |
_aB DD 218 _bB622L 1986 |
| 100 | 1 |
_aLudwig, Emil, _d1881-1948. |
|
| 245 | 0 | 0 |
_aBismarck; _bhistoria de un luchador _cEmil Ludwig. |
| 250 | _a4a ed. | ||
| 260 |
_aBarcelona : _bEditorial Juventud, s. a. _c1986 |
||
| 300 |
_a476 p., _c22 cm. |
||
| 600 | 1 | 0 |
_aBismarck, Otto, _cfèurst von, _d1815-1898. |
| 650 | 0 |
_aStatesmen _zGermany _vBiography. |
|
| 700 | 2 |
_aRamírez Valladares, Manuel, _etr. |
|
| 942 |
_2lcc _cbk |
||
| 999 |
_c88850 _d88850 |
||